[Event "Sigeman & Co 05th"]
[Site "Malmo"]
[Date "1997.06.16"]
[Round "7"]
[White "Hector, Jonny"]
[Black "Cramling, Pia"]
[Result "0-1"]
[WhiteElo "2500"]
[BlackElo "2545"]
[Annotator "Ribli,Z"]
[PlyCount "80"]
[EventDate "1997.06.10"]
[EventType "tourn"]
[EventRounds "9"]
[EventCountry "SWE"]
[EventCategory "13"]
[SourceTitle "CBM 060"]
[Source "ChessBase"]
[SourceDate "1997.09.29"]
[SourceVersion "1"]
[SourceVersionDate "1997.09.29"]
[SourceQuality "1"]

1. e4 {Meulders Bangiev} c5 2. Nf3 e6 3. d4 cxd4 4. Nxd4 Nc6 5. Nc3 Qc7 6. Be3
a6 7. Bd3 Nf6 8. O-O Ne5 9. h3 Bc5 10. Kh1 d6 11. f4 Ng6 {Ribli: Dieser
Springerzug verlockt Weiss dazu f4-f5 zu spielen, und in diesem Fall erhält
Schwarz das Feld e5 für seinen Springer.} (11... Nxd3 {Meulders} 12. cxd3 b5
13. Rc1 Qb6 14. Nce2 O-O 15. Bg1 b4 16. e5 Nd7 17. Qe1 Bb7 18. Qg3 Rac8 19.
Rfe1 Bd5 20. Nxe6 fxe6 21. d4 Qb7 22. dxc5 dxc5 23. a3 {1/2-1/2, Kindermann-P.
Cramling, Horgen II 1995.}) 12. Qf3 O-O (12... h5 {Bangiev} 13. Rae1 Ng4 14.
Bg1 Bd7 15. Nce2 O-O-O 16. c3 $14 {1-0 Simunek,A-Roj,M/CZE-chT1b 1995 (44)})
13. Rae1 {Bangiev: Dies ist die Hauptvariante in diesem Abspiel.} (13. Qg3 $6
Nh5 14. Qg5 Nhxf4 15. Rxf4 f6 16. Qg3 Nxf4 17. Qxf4 e5 {0-1 Hamid,M-Al
Modiahki,M/Asia-J 1993 (43)}) (13. a4 Bd7 14. Qg3 Qb6 15. a5 Qa7 16. Nce2 e5
17. fxe5 dxe5 18. Nf5 Bxe3 19. Nxe3 Nh5 20. Qg5 f6 21. Qxh5 Qxe3 {1/2-1/2
Brustkern,J-Pritchett,C/BL2-N 1993 (32)}) (13. f5 Ne5 14. Qg3 Qe7 $5 15. Nce2 (
15. Rac1 {In Sizilianisch muß Weiß aktiver spielen. Der Turm leistet nichts
auf c1.} b5 16. Nce2 Nh5 17. Qf2 exf5 18. exf5 Bb7 19. Rce1 Rfe8 {[%cal Ge8e2]}
20. Nc3 Nxd3 21. cxd3 Qe5 {[%csl Rg3]} 22. Kg1 Ng3 23. Ne6 {Ribli: Weiß ist
verloren, er versucht noch im Trüben zu fischen.} Nxf1 24. d4 Qh2+ 25. Kxf1
fxe6 26. dxc5 exf5 {Und Weiss gab auf in der Partie Belotti- Horvath,Jo,1993
Cannes.Ribli.}) (15. Rae1 $5 {Bangiev}) 15... exf5 16. exf5 b5 17. Bg5 Bb7 18.
Qh4 Rfe8 19. Rae1 h6 20. Bxf6 Qxf6 21. Qxf6 gxf6 22. Rd1 Kh7 {1/2-1/2 Fogarasi,
T-Horvath,J/Honved 1997}) 13... b5 (13... e5 14. Nde2 Bxe3 15. Qxe3 exf4 16.
Nxf4 Be6 17. Nxg6 hxg6 18. e5 dxe5 19. Qxe5 Qxe5 20. Rxe5 Nd7 21. Re3 {1/2-1/2
Almasi,Z-Portisch,L/tt_HUN 1996}) 14. f5 {Ribli: Dieser Zug gefällt mir nicht.
Weiß gibt den Punkt e5 auf, aber er hat keine gefährliche Drohungen.} (14. e5
Bb7) (14. Nb3 Bxe3 15. Qxe3 Bb7 $11 (15... b4)) 14... Ne5 15. Qg3 Qb6 $146 {
[%csl Ge5] Ribli: Ein agressiver Zug, der eine theoretische Neuerung darstellt.
Dieser aktiver Zug ist viel stärker als die Alternativen:} (15... Kh8 16. Qh4
b4 17. Nce2 Nxd3 18. cxd3 e5 19. Bg5 Ne8 20. f6 exd4 21. fxg7+ Nxg7 22. Bf6 Rg8
23. Qh6 d5 24. Rf4 dxe4 25. Ng3 Qxf4 26. Qxf4 {1-0 Oral,T-Relange,E/WchJM-U20
Halle 1995}) (15... Bd7 16. Nce2 Kh8 17. Bg5 Nxd3 18. cxd3 e5 19. Bxf6 gxf6 20.
Qh4 Qd8 21. Nf3 d5 22. Nc3 Bc6 23. exd5 {1-0 Hector,J-Lingnau,C/Berliner
Sommer 1996}) (15... Qe7 $5 16. Bh6 Nh5) 16. Nce2 (16. Qf2 Nxd3 (16... Bd7 {
Ribli: Mit der Idee 17...b4 und 18.Na4 geht nicht.}) 17. cxd3 e5) (16. fxe6 $5
{Bangiev} fxe6 (16... Bxd4 17. e7 Re8 18. Rxf6 $13) 17. Nce2 Nxd3 (17... Ra7
18. b4 Bxb4 19. Nxe6 $16) (17... Qb7 $5 18. Bg5 $36) 18. cxd3 Ra7 (18... e5 19.
Bg5 $1) 19. b4 $1 Bxb4 20. Nxe6 Bxe1 21. Rxe1 $16) (16. Bh6 $2 {Bangiev} Nh5)
16... Nxd3 $11 17. cxd3 e5 {Bangiev: Ein typischer für derartige Stellungen
Zug, der Nachziehende beabsichtigt damit die Bauernschwäche auf d3 zu
befestigen.} 18. Bh6 $2 {Ribli: Der schwedische GM Hector spielt immer
taktisch und agressiv, aber in diesem Fall ist der weiße Angriff leicht
abzuwehren.} (18. Nc2 Bxe3 (18... Nh5 $6 19. Qf3) (18... Bb7 19. Bh6 (19. Bg5))
19. Nxe3 Bb7 $11 (19... Bb7 {Meulders} 20. Nc3 $11)) (18. Bg5 {Bangiev} Nh5 19.
Qh4 Bxd4 20. Qxh5 f6 $15) 18... Nh5 $8 (18... Ne8 $2 19. Bxg7 Nxg7 20. f6 $18)
19. Qg4 (19. Qg5 {Bangiev} Bxd4 (19... f6 20. Qxh5 Bxd4 21. Qg4 Rf7 22. b3 $13)
20. Nxd4 f6 (20... Qxd4 21. Bxg7 $1 f6 22. Bxf6+ Kf7 23. Qxh5+ Kxf6 24. Qh4+
Kf7 25. Rc1 $40) 21. Qxh5 Qxd4 22. Qg4 (22. Rf3 $2 gxh6 23. Qxh6 Rf7 $19) (22.
Bc1 Qxd3 $17) 22... Rf7 23. b3 Bb7 24. Rd1 Rc8 $15) 19... Bxd4 20. Nxd4 (20.
Bxg7 $2 Nxg7 21. f6 Bxg4) 20... exd4 (20... Qxd4 21. Qxh5 (21. Be3 Nf6 $1 (
21... Qxd3 22. Qxh5) 22. Bxd4 Nxg4 $19) 21... gxh6 22. Rf3 (22. Qxh6) (22. f6 {
Bangiev} Kh8 23. Qxh6 Rg8)) 21. Qxh5 gxh6 $17 {Bangiev: Für die "geopferte"
Figur hat Weiß keine Kompensation.} 22. e5 {Ribli: Jetzt Weiss muß "alles oder
nichts" spielen. Er hat schon eine Figur weniger, so reicht ihm ein
Bauerngewinn nicht.} (22. Qxh6 f6 23. Rf4 Rf7 24. Rg4+ Kh8 $17 {Ribli: Und ich
kann nicht sehen, wier der weiße Angriff weiter gehen soll.}) (22. f6 Kh8 23.
Qxh6 Rg8 $17 (23... Rg8 {Meulders} 24. Rf4 {/\Rh4} Qc6 25. Rg1 $8 (25. Re2 $2
Qc1+ $19) (25. Rh4 $2 Bf5 $1 $19) 25... Rg6 26. Qf8+ Rg8 27. Qh6 $11)) (22. Rf4
f6 23. Rg4+ Kh8 24. Qxh6 Rf7 $17) 22... dxe5 {[%cal Gb6h6]} 23. f6 $8 {Ribli:
Sonst spielt Schwarz 23...Qf6.} Kh8 24. Qxh6 Rg8 25. Rxe5 Bb7 {[%cal Rg8g2,
Rb7g2] Ribli: Schwarz hat großen Materialsvorteil und Angriff.} 26. Rf2 Rg6 27.
Qh4 h6 {Ribli: Ein notwendiger Verteidigungszug gegen 28.Rh5.} (27... Rag8 $2
28. Rh5) 28. Re7 (28. Rh5 Kh7) 28... Bd5 29. Qf4 Rc8 {Ribli: Es ist klar, daß
Weiß keine Kompensation für die Figur hat, er probiert noch ein paar Tricks.}
30. h4 Qc6 31. Kh2 Qc1 $1 (31... Bxg2 32. Rxf7 {Ribli: Das ist auch
vorteilhaft für Schwarz, aber der Textzug ist noch präziser.}) 32. Qxd4 Qc5 33.
Qxc5 (33. Qf4 {Meulders} Rcg8 34. g4 Be6 (34... Bxa2 $6 35. b4 $1 Qd5 36. Re5
$1 Qb3 37. Rh5 Kh7 38. Qf5 {/\Rxh6/Qh5#} Qd5 39. Qxd5 Bxd5 40. Rxd5 Rxg4 $17)
35. h5 Rg5 36. Rxe6 fxe6 37. f7 Rf8 38. Qf6+ Kh7 $19) 33... Rxc5 34. Re5 {
[%csl Rd5][%cal Ge5c5] /\d4} b4 (34... Kh7 $2 35. b4) 35. g3 Rb5 {Ribli: Alles
ist verteidigt im schwarzem Lager und Weiß hat nichts außer einer schlechten
Stellung.} 36. Rc2 (36. b3) (36. a4 {Meulders} bxa3 37. bxa3 Bb3 (37... Be6 $4
38. Rxe6 fxe6 39. f7 Rb8 40. f8=Q+ Rxf8 41. Rxf8+ Kg7 42. Ra8 e5 43. Kg2 $14))
36... Rxf6 $19 37. Rc8+ Kh7 38. Ree8 {Ribli: Weiß braucht noch zwei Tempo 39.
h5 und 40.Rh8.} Rf2+ 39. Kg1 Rg2+ 40. Kf1 Rxb2 {Ribli: Weiß gab in dieser
hoffnungslosen Stellung auf. Ich vermute, daß die letzten Züge in Zeitnot
gespielt wurden..} (40... Rxg3 $4 {Meulders} 41. Rh8+ Kg6 42. Rhg8+ Kf6 (42...
Kh7 43. Rxg3 Bxa2 44. h5 $1 Rxh5 45. Rcg8 Rg5 $8 46. R3xg5 hxg5 47. Rxg5 $18)
43. Rxg3 Bxa2 44. Rc6+ Be6 45. Rxa6 $16) 0-1

[Event "Reykjavik zt"]
[Site "Reykjavik"]
[Date "1995.??.??"]
[Round "4"]
[White "Hector, Jonny"]
[Black "Mortensen, Erling"]
[Result "1-0"]
[WhiteElo "2540"]
[BlackElo "2500"]
[Annotator "Ribli,Z"]
[PlyCount "49"]
[EventDate "1995.03.??"]
[EventType "swiss"]
[EventRounds "11"]
[EventCountry "ISL"]
[SourceTitle "CBM 047"]
[Source "ChessBase"]
[SourceDate "1995.08.01"]
[SourceVersion "1"]
[SourceVersionDate "1995.08.01"]
[SourceQuality "1"]

1. e4 {Tisdall} c5 2. Nf3 Nc6 3. d4 cxd4 4. Nxd4 Qc7 5. Nc3 e6 6. Be3 a6 7. Bd3
b5 8. O-O $5 (8. Nxc6 {In der letzten Zeit hat Weiss mit dieser Fortsetzung
gar nichst erreicht.} Qxc6 9. O-O Bb7 10. a3 Nf6 11. Qe2 Be7 12. f4 O-O 13. Qf3
Bc5 $10 {Khalifman,A-Salov,V/Wijk cm4/1994/CBM39/INF59,208/}) 8... Bb7 9. Nb3 (
9. a3 Nf6 10. Qe2 Be7 11. f4 d6 12. Kh1 O-O $13 {Tkachiev,V-Brodsky,M/Wijk op/
1995/CBM46/INF62,191/}) 9... Ne5 $6 {Dieser Zug gefaellt mich nicht. Ich
empfehle 10...d6 -> B82. Tisdall: Beginning a time-consuming manoeuvre. Better
is ...d6.} (9... d6 10. f4 Nf6 11. Qf3 Be7 $13 {-> B82}) 10. f4 Nc4 11. Bd4 $1
{Vorschlag von Sokolov,V (1970!)} (11. Bc1 $2 Nf6 12. Qe2 Bb4 13. Nd1 O-O $15 {
Schwarz hat bessere Entwicklung und uebernimmt die Initiative Levy,D-Portisch,
L /Hastings /1970/ INF10,442/}) 11... d6 $6 (11... Nxb2 $5 12. Nxb5 axb5 13.
Bxb2 {is better for white.} Nf6 $14) 12. Qe2 {Droht /\ a4. Planning a4.} e5 $6
13. Nd5 $1 {Beginn taktischer Komplikation, die fuer Schwarz wegen seiner
schlechten Entwicklung unguenstig enden.} Bxd5 14. exd5 Be7 (14... f6 {Tisdall
was the only move, but it is hard to decide on such an ugly defence.}) 15. fxe5
dxe5 (15... Nxe5 16. a4 $1 $16 {Schwarz verliert mindestens einen Bauern am
Damenfluegel.} (16. Rae1 $5 $14)) 16. Bxc4 exd4 17. d6 $1 {Schwarze Stellung
bricht gleich wie ein Kartenhaus zusammen.} Qxc4 {Otherwise white crashes in
on f7.} 18. Qf3 $1 Rb8 (18... Rd8 19. Na5 Qe6 20. dxe7 Nxe7 21. Rae1 Qd5 (21...
Qd6 22. Nc6 Rd7 23. Qxf7#) 22. Nc6 $1 Qxf3 23. Rxe7+ Kf8 24. Rxf3 $18) (18...
Ra7 {Tisdall} 19. Rae1 Nf6 20. dxe7 {is not much better.}) 19. Rae1 $1 {
Droht Na5.} Nf6 20. Rxe7+ Kf8 21. Na5 Qc5 {Tisdall: Here Mortensen could have
really set Hector up for the brilliancy prize. After} (21... Qb4 {Tisdall:
Hector considered} 22. Qd5 $3 Nxd5 23. Rfxf7+ Kg8 24. Rxg7+ Kf8 25. Ref7+ Ke8
26. d7+ Kd8 27. Nc6+ Kc7 28. d8=Q+ Kxc6 {but had not bothered to work out the
continuation from here during the game. Black's king proves surprisingly
difficult to snare. But after some reflection, I found a neat solution:} 29.
Rf6+ $3 {A final sacrifice to prevent the black king from using the f6 square
in his wanderings.} Nxf6 (29... Kc5 30. Rc7+ Nxc7 31. Qxc7+ Kd5 32. Qc6+ Ke5
33. Qe6#) 30. Qc7+ Kd5 31. Rg5+ {og matt i neste.}) 22. Qb3 $1 Qh5 23. Nc6 Rc8
24. d7 Rd8 25. Re8+ $1 (25. Re8+ $1 Rxe8 (25... Nxe8 26. Nxd8 (26. Qb4+ {
Tisdall} Nd6 27. Qxd6+ Kg8 28. Ne7+ Kf8 29. Ng6+ Kg8 30. Qf8+ $1 Rxf8 31. Ne7#
{matt.}) 26... Nf6 27. Nc6 $18) 26. Qb4+ Kg8 27. dxe8=Q+ Nxe8 28. Ne7+ Kf8 29.
Ng6+ Kg8 30. Qf8#) 1-0

[Event "FIDE-Wch k.o."]
[Site "Groningen"]
[Date "1997.12.12"]
[Round "2.2"]
[White "Kindermann, Stefan"]
[Black "Milos, Gilberto"]
[Result "0-1"]
[WhiteElo "2570"]
[BlackElo "2590"]
[Annotator "Ribli,Z"]
[PlyCount "94"]
[EventDate "1997.12.09"]
[EventType "k.o."]
[EventRounds "7"]
[EventCountry "NED"]
[SourceTitle "CBM 063"]
[Source "ChessBase"]
[SourceDate "1998.03.26"]
[SourceVersion "1"]
[SourceVersionDate "1998.03.26"]
[SourceQuality "1"]

1. e4 c5 2. Nf3 e6 3. d4 cxd4 4. Nxd4 Nc6 5. Nc3 Qc7 6. Be3 a6 7. Bd3 {Das ist
Kindermanns Hauptwaffe gegen die Taimanov-Paulsen-Variante. Ribli.} Nf6 8. O-O
Ne5 9. h3 Bc5 10. Kh1 {Das ist ein guter prophylaktischer Zug. Weiß vermeidet
unangenehme Motive auf der Diagonalen a7-g1.} d6 11. f4 Ng6 (11... Nxd3 12.
cxd3 (12. Qxd3 b5 13. Nb3 Bxe3 14. Qxe3 Bb7 $10) 12... b5 13. Nce2 (13. Rc1 Qb6
14. Nce2 O-O 15. Bg1 b4 $1 16. e5 Nd7 $5 17. Qe1 Bb7 {1/2-1/2 Kindermann,
S-Cramling,P/Horgen-B 1995 (22)}) 13... Bb7 14. Qd2 Qe7 15. b4 Ba7 16. Nb3 O-O
17. Bxa7 Rxa7 18. Rac1 Rc8 19. Qe3 {1-0 Breyther,R-Kroencke,M/Hamburg ch 1997 
(36)}) 12. Bb5+ $2 $146 {Das ist eine vorbereitete Neuerung und Weiß hat
wirklich etwas Initiative, aber nach meiner Meinung gibt es nichts Konkretes
für die geopferte Figur. Das Motiv ist gut bekannt in dieser Variante. In der
Partie Kasparov - Lautier,Amsterdam 1995 spielte Weiß nach 11...Ned7 - statt
11...Ng6, wie in unserer Partie - 12.a3 b5 13.Bxb5 mit großen Komplikationen.
Es gibt auch einen psychologischen Faktor. Dies war die zweite Partie im
Miniwettkampf und Weiß mußte für eine eventuelle Qualifikation um jeden Preis
gewinnen.} axb5 $1 (12... Bd7 13. Bxd7+ (13. f5 Bxb5 (13... Ne5 14. fxe6 Bxb5 (
14... fxe6 15. Nxe6 $18) 15. Rxf6 gxf6 16. Nd5 $44 {[%csl Gd4,Gd5,Ge6,Re8]}) (
13... exf5 14. Bxd7+ Qxd7 15. Nxf5 Bxe3 16. Nxe3 $14) 14. Ncxb5 (14. fxg6 Bxf1
$17) 14... axb5 15. fxg6 $13) 13... Qxd7 14. f5 Ne5 $11) 13. Ndxb5 Qc6 (13...
Qb6 {Nach meiner Meinung steht die schwarze Dame aktiver auf c6.} 14. Bxc5 dxc5
15. Nd6+ Kf8 16. e5) 14. Bxc5 dxc5 15. e5 (15. Nd6+ Kf8 16. e5 Nd5 {Das führt
zur Partiestellung.}) 15... Nd5 16. Nxd5 exd5 17. Nd6+ Kf8 $17 {Weiß hat nur
einen Bauern für die Figur und ich kann keine gefährlichen weißen Drohungen
erkennen.} 18. Qh5 d4 $1 {[%cal Gc6h1]} 19. Rae1 {Alle weißen Figuren nehmen
am Angriff teil, aber es droht nichts.} Bd7 20. f5 {Das ist die einzige Chance,
im Trüben zu fischen, aber Schwarz kann die einfachen Drohungen leicht
abwehren.} Nxe5 21. f6 (21. Rxe5 Qxd6 22. f6 {Das wäre nur Zugumstellung.})
21... Qxd6 22. Rxe5 Rg8 $1 (22... gxf6 $4 23. Qh6+ Kg8 24. Rg5+ $1 (24. Rf3 $2
Qxe5 $19) 24... fxg5 25. Qxd6 $18) (22... Be6 $2 23. fxg7+ Kxg7 24. Rf6 $1) 23.
Rd5 (23. fxg7+ Rxg7 $19 {Alles ist verteidigt und das Material entscheidet die
Partie zugunsten des Schwarzen.}) 23... Qa6 {[%cal Ra6f1]} 24. Rf3 (24. Rf4 Be6
25. Rd8+ Rxd8 26. Qxc5+ Rd6 (26... Qd6 $4 27. Rxd4 $1 Qxc5 28. Rxd8#) 27. Rxd4
gxf6 28. Rxd6 Qf1+ $19) 24... Be6 25. Rxd4 (25. Rxc5 gxf6 $19 (25... Qxa2 $19))
25... gxf6 (25... cxd4 $4 26. Qc5+ Ke8 27. Qe7#) 26. Qxc5+ Ke8 27. Rd2 (27.
Rxf6 Qxa2 (27... Qe2 {[%cal Re2g2]} 28. Rf2 Qxf2 29. Rd8+ Kxd8 30. Qxf2 Rxa2
$19) (27... Qa5) 28. Qb5+ Ke7 $19) 27... Qa5 28. Qxa5 Rxa5 {Nach dem
Damentausch ist Weiß chancenlos. Der Materialvorteil setzt sich jetzt oder
später durch.} 29. a3 Rd5 30. Re2 Ke7 31. Rb3 Rd7 (31... b5 $17) 32. Rb6 Rg5
33. a4 Re5 34. Rf2 f5 35. Kh2 Kd8 {Der schwarze König strebt nach c7, was den
Turm von der Deckung des Pb7 befreit.} 36. b3 Kc7 37. Rb4 Re4 38. Rb5 (38. Rxe4
fxe4 $19) 38... Red4 39. c4 Rd2 40. Kg1 (40. Rf3 Re2 {[%csl Rg2,Rh2][%cal
Rd7d2]}) 40... Rxf2 41. Kxf2 Rd2+ 42. Kf1 Rb2 43. Kg1 Bd7 $19 {Die
Verbesserung des Läufers beendet den Kampf.} 44. Rc5+ Kd6 45. Rd5+ Ke6 46. Rd3
Bc6 47. g3 Be4 {Weiß gab in verlorener Stellung auf.} (47... Be4 48. Re3 Ke5
$19 {Und der weiße König befindet sich schnell im Mattnetz. Ribli.}) 0-1

[Event "RUS-ch"]
[Site "Krasnodar"]
[Date "2002.08.31"]
[Round "5"]
[White "Shomoev, Anton"]
[Black "Geller, Jakov"]
[Result "0-1"]
[WhiteElo "2533"]
[BlackElo "2406"]
[Annotator "Ribli,Z"]
[PlyCount "114"]
[EventDate "2002.08.27"]
[EventType "swiss"]
[EventRounds "9"]
[EventCountry "RUS"]
[SourceTitle "CBM 091"]
[Source "ChessBase"]
[SourceDate "2002.11.12"]
[SourceVersion "1"]
[SourceVersionDate "2002.11.12"]
[SourceQuality "1"]

1. e4 c5 2. Nf3 Nc6 3. d4 cxd4 4. Nxd4 e6 5. Nc3 Qc7 6. Be3 a6 7. Qd2 b5 {
Gewöhnlich spielt man hier 7...Nf6, aber der Textzug kommt auch in Betracht:
Schwarz entwickelt zuerst den Damenflügel (eine Hauptstrategie in der
Paulsen-Variante).} 8. O-O-O Bb7 9. Bf4 $5 {[%mdl 4] Interessant, dass dieser
völlig logische Zug bisher noch nie gespielt worden ist.} (9. Nxc6 Bxc6 10. Nd5
Bxd5 (10... Qb7 11. Be2 Ne7 12. Bf3 d6 13. Rhe1 exd5 14. exd5 Bd7 15. Qa5 f6
16. Bf4 Kf7 17. Bxd6 Ng6 18. Bg3 Bc5 19. d6 Bc6 20. Qc3 {1-0 Rytshagov,
M-Agopov,M/FIN 2001/(26)}) 11. exd5 Nf6 12. d6 Qc6 13. Be2 Qxg2 14. f3 Nd5 15.
Rdg1 Qh3 16. Rg3 Qh4 17. Rg4 Qd8 18. Bc5 Rc8 19. b4 h5 20. Rd4 Nf6 21. a4 $44 {
1/2-1/2 Leko,P-Movsesian,S/Las Vegas 1999/CBM 72 (54)}) (9. Ndxb5 axb5 10. Nxb5
Qc8 11. Bb6 d6 12. Nc7+ Kd7 13. Bb5 Qxc7 $2 (13... Rxa2) 14. Bxc7 Kxc7 15. a4
Nf6 16. Rhe1 Be7 17. Qc3 Rhc8 18. e5 dxe5 19. Rxe5 Bd6 20. Ree1 {1-0 Euler,
G-Vidonyak,R/GER 2000/EXT 2002 (37)}) 9... e5 (9... Ne5 $2 10. Ndxb5 axb5 11.
Nxb5 $18) 10. Nxc6 (10. Nd5 Qd8 11. Nxc6 dxc6 12. Bxe5 cxd5 13. exd5 f6 $17)
10... Bxc6 (10... dxc6 $2 11. Bxe5 $18) (10... exf4 11. Na5 b4 12. Nxb7 bxc3
13. Nd6+ (13. Qd5 cxb2+ 14. Kb1 Rb8 15. Bxa6 Nf6 $13) 13... Bxd6 14. Qxd6 Qxd6
15. Rxd6 $36) 11. Bg3 $6 {Statt dieser automatische Fortsetzung konnte Weiß
mit dem Zwischenzug 11.Nd5 Vorteil erreichen.} (11. Nd5 $1 Qb8 12. Bg3 $16)
11... Nf6 {Weiß hat Entwicklungsvorteil, aber der g3B steht jetzt schon etwas
passiv und Schwarz kontrolliert die wichtigsten Punkte im Zentrum.} 12. f3 (12.
Nd5 $5 Bxd5 13. exd5 Bd6 {Der d5P ist gut blockiert und Schwarz kann in
folgendem e5-e4 ziehen.} 14. Bh4 $36) 12... Be7 $11 (12... b4 13. Nd5 Bxd5 14.
exd5 Bd6 15. Bh4 $14) 13. Nd5 (13. Bd3 O-O $11 {In folgendem Schwarz kann
b5-b4 und d7-d5 ziehen.}) (13. Qg5 b4 $132 (13... Nxe4 14. Qxe5 Qxe5 15. Bxe5
Nxc3 16. Bxc3 $14)) 13... Bxd5 14. exd5 d6 {Weiß hat das Läuferpaar, aber die
Läufer sind etws passiv und Schwarz bekommt gutes Spiel auf der c-Linie.} 15.
f4 {Weiß möchte die Stellung für das Läuferpaar öffnen.} (15. Kb1 O-O $11)
15... Ne4 (15... exf4 16. Bxf4 O-O 17. Bd3 $14) 16. Qe3 Nxg3 17. hxg3 {[%cal
Gh1h8] Nach dem Textzug hat Weiß die Initiative am Königsflügel: Es ist nicht
leicht für Schwarz seinen König in Sicherheit zu bringen.} (17. Qxg3 $6 Bf6 $15
) 17... Bf6 {[%csl Gf6][%cal Gf6b2] Der schwarze Läufer hat gute Perspektiven
auf f6.} 18. Bd3 Rc8 {[%cal Gc8c1]} 19. g4 {[%cal Gg4g5]} (19. Bf5 Qc5 20. Qd2
Rc7 21. Rxh7 Rxh7 22. Bxh7 g6 $44 {[%csl Rh7]}) 19... Qc5 20. Qe4 $36 {[%cal
Rh1h7,Rd3h7] Weiß hat eine fühlbare Initiative am Königsflügel.} (20. Qxc5 $5
Rxc5 21. g5 Be7 22. g6 h6 23. gxf7+ Kxf7 24. fxe5 dxe5 25. Rhf1+ Bf6 $13) 20...
g6 (20... h6 $2 21. g5 Be7 22. gxh6 $18) 21. g5 Be7 (21... Bg7 22. f5 $16 (22.
Kb1 $16)) 22. fxe5 (22. Kb1 exf4 23. Qxf4 $36) 22... Bxg5+ 23. Kb1 O-O {
Endlich konnte Schwarz rochieren, aber Weiß hat die besseren Aussichten am
Königsflügel.} 24. Qg4 Qe3 (24... h6 25. e6 $16) 25. Rde1 (25. exd6 Rcd8 26.
Rde1 Qf4 27. Qh3 h6 28. d7 Qd6 $11) 25... Qf4 26. Qh3 h5 27. Re4 Qd2 28. Re2 (
28. e6 f5 29. e7 fxe4 30. Qe6+ Kg7 (30... Kh8 31. Qxg6 h4 32. exf8=Q+ Rxf8 33.
Bxe4 $18) 31. Bxe4 Bf6 32. exf8=Q+ Rxf8 $132 33. Qxd6 $4 Qd4 $19 {[%cal Rf6b2,
Rd4e4]}) 28... Qb4 29. Re4 Qd2 30. g4 {Weiß möchte den Zug Zug 31.e6
vorbereiten und verhindert zugleich die Möglichkeit 31...f5. Der Nachteil des
Zuges ist, dass Schwarz im Endspiel einen gefährlichen Freibauern auf der
h-Linie erhält.} h4 {Natürlich Schwarz muss die h-Linie geschlossen halten.}
31. e6 Rce8 32. Re2 (32. Rhe1 $5) 32... Qb4 33. a3 Qd4 34. Rhe1 {Jetzt droht
35.exf7+ und 36.Bxg6+.} Kg7 $8 {Weiß hat scheinbar eine sehr aktive Stellung,
aber keine konkrete Drohungen: Die schwarze Stellung ist durchaus
verteidigungsfähig.} 35. exf7 (35. Qg2 $2 Bf6 $19) (35. e7 Rh8 $132 {[%csl Gh4]
}) 35... Rxe2 36. Rxe2 Qxd5 $15 {Jetzt ist die Stellung materiell gleich, aber
Weiß verliert seinen f7-Bauern und er hat keinen Angriff mehr am Königsflügel.}
37. Rf2 Rxf7 38. Rxf7+ Qxf7 {[%mdl 4096] Es gibt ungleichfarbige Läufer auf
dem Brett, was einerseits dem Verteidiger gewisse Remischancen gibt,
anderseits jedoch dem Angreifer mehr Aussichten auf Initiative einräumt (weil
er praktisch mit einer Mehrfigur angreifen kann).} 39. Qg2 Kh6 40. Qa8 {
[%cal Ga8a6,Ga8h8]} Be3 (40... Bf4 41. Qxa6 h3 $17) 41. Qe4 (41. Qxa6 Qe6 $17 {
[%cal Gh4h3]}) 41... Bf4 42. Qg2 d5 43. Be2 Qe6 44. Bf3 Kg5 $17 {[%csl Gg5]
Der schwarze König steht sehr gut auf g5.} 45. Qf1 (45. Bxd5 h3 $19) 45... Qe3
46. Bxd5 (46. c3 d4 47. cxd4 Qxd4 $17) 46... h3 47. Bf3 h2 48. Ka2 Kh4 49. Qd1
Qg1 50. Qd5 Qf1 {Droht 51...Qc4+ mit Gewinn.} 51. b3 Qe1 (51... Kg3 $19) 52.
Be4 Qc3 53. Qd1 Be5 $19 54. Qc1 g5 55. Bd5 Bf4 56. Qb1 Qd2 57. b4 (57. Be4 Kxg4
$19) 57... Qxd5+ 0-1